| 000 | 01098nas a2200349 4500 | ||
|---|---|---|---|
| 001 | BR0305488 | ||
| 003 | BR-BrBNA | ||
| 005 | 20231205104149.0 | ||
| 007 | ta | ||
| 008 | 230509b bl.|||p| |||| 00| 00por d | ||
| 040 |
_aBR-BrBNA _bpor _cBiblioteca Nacional de Agricultura |
||
| 041 | _a(Pt) | ||
| 072 | _aL02; L01 | ||
| 100 | 1 | _aAraújo, C.S. da S. | |
| 100 | 1 | _aArtoni, S.M.B. | |
| 100 | 1 | _aAraújo, L.F. | |
| 100 | 1 | _aJunqueira, O.M. | |
| 100 | 1 | _aBorges, S.A. | |
| 245 | 1 | _aDesempenho, rendimento de carcaça e excreção de cálcio de frangos de corte, no período de 22 a 42 dias de idade, alimentados com diferentes níveis de aminoácidos e cálcio | |
| 650 | _aFRANGO DE CORTE | ||
| 650 | _aCÁLCIO | ||
| 650 | _aAMINOÁCIDO | ||
| 650 | _aDIETA | ||
| 650 | _aCARCAÇA | ||
| 650 | _aRENDIMENTO | ||
| 650 | _aEXCREÇÃO | ||
| 650 | _aPERFORMANCE | ||
| 650 | _aSÃO PAULO | ||
| 773 | 0 |
_tRevista Brasileira de Zootecnia (Brazil) _xISSN 1516-3598 _g(Nov-Dec 2002), v. 31(6) p. 2209-2215 _wBR0305488 |
|
| 909 |
_a202311 _bLúcia _c55 _dLúcia Elande |
||
| 942 |
_2AGRIS _n0 _cANA |
||
| 999 |
_c176699 _d176699 |
||